Vista normal
Vista MARC
Entrada Materia (personas)
Número de registros utilizados en: 3
001 - CONTROL NUMBER
- control field: 145643
003 - CONTROL NUMBER IDENTIFIER
- control field: Co-BoUCM
005 - DATE AND TIME OF LATEST TRANSACTION
- control field: 20211022091108.0
008 - FIXED-LENGTH DATA ELEMENTS
- fixed length control field: 211022|| aca||aabn | a|a d
040 ## - CATALOGING SOURCE
- Original cataloging agency: Co-BoUCM
- Transcribing agency: Co-BoUCM
100 ## - HEADING--PERSONAL NAME
- Personal name: Virgen María
- General subdivision: Teología
- General subdivision: Apariciones y milagros
670 ## - SOURCE DATA FOUND
- Source citation: Work cat.: (Co-BoUCM)78483: Zampetti, Pier Luigi 145642, La profecía de Fátima y el derrumbamiento del comunismo, 1992